[Event "La Fere op 10th"]
[Site "La Fere"]
[Date "2011.07.04"]
[Round "3.29"]
[White "Vernadet, Cyril"]
[Black "Jean, Robert"]
[Result "1/2-1/2"]
[WhiteElo "1649"]
[BlackElo "1808"]
[PlyCount "87"]
[EventDate "2011.07.02"]
[EventType "swiss"]
[EventRounds "9"]
[EventCountry "FRA"]
[SourceTitle "EXT 2012"]
[Source "ChessBase"]
[SourceDate "2011.11.24"]
[SourceVersion "1"]
[SourceVersionDate "2011.11.24"]
[SourceQuality "1"]

1. e4 c5 2. f4 d5 3. exd5 Qxd5 4. Nc3 Qd8 5. Bc4 e6 6. Nf3 Nf6 7. 0-0 Be7 8. d4 cxd4 9. Nxd4 0-0 10. Nce2 a6 11. c3 Qc7 12. Bd3 Rd8 13. Qc2 h6 14. h3 Nc6 15. Nxc6 Qxc6 16. Be3 b5 17. Rad1 Bb7 18. Nd4 Qc7 19. Ne2 Rac8 20. Bd4 Qc6 21. Rf2 Bc5 22. Bxc5 Qxc5 23. Nd4 Nd5 24. Qd2 Nf6 25. Qe2 Qb6 26. Kh2 Bd5 27. a3 Rd7 28. Re1 Qd6 29. g3 Re8 30. Qe5 Qxe5 31. fxe5 Nh7 32. Bxh7+ Kxh7 33. Ref1 Kg8 34. Ra1 Rc8 35. g4 Rdc7 36. Re1 Rc5 37. Rd2 g6 38. Nc2 Kf8 39. Kg3 Ke7 40. Rd4 a5 41. h4 Bb3 42. Na1 Bd5 43. Nc2 Ke8 44. Kh3 1/2-1/2

[Event "La Fere op 10th"]
[Site "La Fere"]
[Date "2011.07.02"]
[Round "1.23"]
[White "Vernadet, Cyril"]
[Black "Boudier, Eric"]
[Result "1-0"]
[WhiteElo "1649"]
[BlackElo "1840"]
[PlyCount "73"]
[EventDate "2011.07.02"]
[EventType "swiss"]
[EventRounds "9"]
[EventCountry "FRA"]
[SourceTitle "EXT 2012"]
[Source "ChessBase"]
[SourceDate "2011.11.24"]
[SourceVersion "1"]
[SourceVersionDate "2011.11.24"]
[SourceQuality "1"]

1. e4 d5 2. exd5 Nf6 3. Nf3 Bg4 4. Bb5+ Nbd7 5. c4 a6 6. Bxd7+ Qxd7 7. d3 e6 8. dxe6 Qxe6+ 9. Be3 0-0-0 10. 0-0 Qf5 11. d4 Bd6 12. Nbd2 Qd3 13. Rc1 c6 14. Qc2 Qg6 15. Qxg6 hxg6 16. h3 Bf5 17. Ng5 Rdf8 18. Rfe1 Ne8 19. d5 f6 20. Ngf3 g5 21. c5 Bf4 22. Bxf4 gxf4 23. d6 g5 24. Nc4 Rh7 25. Nb6+ Kd8 26. Nd4 Bd7 27. Re6 f5 28. Rce1 Nf6 29. Re7 Rhf7 30. Nxd7 Ne4 31. Rxf7 Rxf7 32. Ne5 Rf6 33. b4 Nc3 34. a3 Nd5 35. Ndf3 Nc3 36. Nxg5 Nb5 37. Ngf7+ 1-0